Le système du monde (Record no. 58481)
[ view plain ]
| 000 -LEADER | |
|---|---|
| campo de control de longitud fija | 00489nam a2200157 i 4500 |
| 001 - NÚMERO DE CONTROL | |
| campo de control | 58481 |
| 003 - IDENTIFICADOR DE NÚMERO DE CONTROL | |
| campo de control | ES-MaACL |
| 005 - FECHA Y HORA DE LA ÚLTIMA TRANSACCIÓN | |
| campo de control | 20230906163822.0 |
| 007 - CAMPO FIJO DE DESCRIPCIÓN FÍSICA--INFORMACIÓN GENERAL | |
| campo de control de longitud fija | t| |
| 008 - DATOS DE LONGITUD FIJA--INFORMACIÓN GENERAL | |
| campo de control de longitud fija | 031022m19131917fr ||||1| fre d |
| 100 1# - ENTRADA PRINCIPAL--NOMBRE DE PERSONA | |
| Nombre de persona | Duhem, Pierre. |
| 9 (RLIN) | 45944 |
| 245 13 - MENCIÓN DEL TÍTULO | |
| Título | Le système du monde |
| Resto del título | : histoire des doctrines cosmologiques de Platon a Copernic / |
| Mención de responsabilidad, etc. | Pierre Duhem. |
| 260 ## - PUBLICACIÓN, DISTRIBUCIÓN, ETC. | |
| Lugar de publicación, distribución, etc. | París : |
| Nombre del editor, distribuidor, etc. | Librairie Scientifique A. Hermann, |
| Fecha de publicación, distribución, etc. | 1913-1917. |
| 300 ## - DESCRIPCIÓN FÍSICA | |
| Extensión | 5 v. ; |
| Dimensiones | 26 cm. |
| 852 ## - LOCALIZACIÓN | |
| Ubicación | ES-MaACL |
| Número de control de estantería | F-4359-63 |
| Estatus retirado | Estado de pérdida | Estado de daño | No para préstamo | Biblioteca de origen | Biblioteca actual | Ubicación en estantería | Fecha de adquisición | Fuente de adquisición | Total de préstamos | Signatura topográfica completa | Código de barras | Visto por última vez | Precio de reemplazo | Tipo de ítem Koha |
|---|---|---|---|---|---|---|---|---|---|---|---|---|---|---|
| Biblioteca del Ateneo de Madrid | Biblioteca del Ateneo de Madrid | Depósito 2 | 17/01/2008 | F-4359-63 | 1061362 | 23/02/2023 | 23/02/2023 | Libro impreso |
